000 00465cam a2200193ua 4500
001 1830
008 110811n ii |||gr||||Z||||||asm
020 _a81-85905-47-9
040 _cMAIN
082 _a370.54
100 _aDevi, Ranu,
_eAuthor.
245 1 _aBharatar shikshar samasya
_cby Ranu Devi
250 _a1st.
260 _aGuahati:
_bBanalata,993.
300 _a184p:
_c23cm.
653 _aEducation
653 _aBharatar shikshar samasya
942 _cBK
999 _c1713
_d1713